000 01677nam a2200397 c 4500
003 BLK
005 20180422111521.0
008 180409b bul|||||r ||||||| ||bul||
010 _aKNG00136591000
020 _a978-954-320-381-9
_bиздат.: Рива
040 _aBLK
041 _aBUL
_cBUL
072 7 _2bullib
_aН92
_xИстория Н
080 _aИстория на цивилизацията. История на културата
_b930.85
_x(262.3-0)
_z930.85(262.3-0)
700 1 _aКабан, Пиер
_eпод ред. на
_974582
700 1 _aГенова, Вера
_eпрев.
_9377698
700 1 _aВенова, Нина Йорданова
_eпрев.
_9377736
700 1 _aЛьо Гоф, Жак
_eпредг. от
_9378154
139 _aИстория на Адриатика
_bИ 95
245 1 0 _aИстория на Адриатика
_cпод ред. на Пиер Кабан; прев. Вера Генова; прев. Нина Йорданова Венова; предг. от Жак Льо Гоф.
257 _aBGR
260 София
_bРива
_c2012
300 _a680 с.
_bс табл., к.
_c23 см
380 _a9
500 _aОриг. загл. Histoire de l'Adriatique / sous la dir. de Pierre Cabanes. - Библиогр. с. 651-666 и под линия.
650 4 _aСредиземноморски страни - история
_9257188
651 4 _aСредиземноморие
_9179583
653 _aСредиземноморие
653 _aистория
659 _aН
852 _aЦб 257201
856 4 _qpdf
_u
856 4 _qpdf
_u
942 _cKNG
_n0
944 _aCR
_c18.10.2012
_lф /
_kПенка_Димитрова
944 _aED
_c08.08.2013
_lф /
_k
999 _c130800
_d130800